Decades by Picture - 1950s - Statistics

General Stats
  • This quiz has been taken 280 times
  • The average score is 12 of 15
Answer Stats
Picture Hint Answer % Correct
musician Elvis Presley
98%
actress Marilyn Monroe
98%
president Dwight D. Eisenhower
88%
toy Lego
85%
revolutionary Che Guevara
83%
actor James Dean
83%
satellite Sputnik 1
81%
politician Fidel Castro
80%
war {Korean} War
79%
president Harry S. Truman
76%
disease Polio
71%
U.S. state Hawaii
67%
musician Chuck Berry
63%
movie Ben-Hur
60%
subculture Beatnik
49%
No matching quizzes found
Score Distribution
Percent of People with Each Score
Percentile by Number Answered
Your Score History
You have not taken this quiz